000 00868nam a2200265Ia 4500
003 GCL
008 140319s9999 xx 000 0 ara d
040 _aGCL /
_cGCL
082 0 4 _a330.1
_bب ا
100 1 _aحازم الببلاوى
245 1 0 _aافكار جديدة من اقتصاديين راحلين: مقدمة للفكر الاقتصادى الحديث /
_cحازم الببلاوى
700 1 _aبوشهولز ، تود . ج
700 1 _aنزيرةالافندى
700 1 _aعزة الحسينى (ترجمة)
300 _a370 ص
490 _a
650 0 4 _aماركس، كارل
650 0 4 _aالاقتصاديون
650 0 4 _aالاقتصاد - نظريات
650 0 4 _aالتجارة - نظريات
650 0 4 _aادم سميث
650 0 4 _aستيوارت ميل
650 0 4 _aالفريد مارشال
942 _2ddc
_cBK
999 _c47694
_d47694